[Event "SRI-chB (Women)"]
[Site "Colombo"]
[Date "2023.03.04"]
[Round "1"]
[White "Rathnayake, RM Senuthi Nethinsa"]
[Black "Jayaweera, Sayuni Gihansa"]
[Result "0-1"]
[WhiteElo "1129"]
[BlackElo "1639"]
[PlyCount "66"]
[EventDate "2023.03.04"]
[EventType "swiss"]
[EventRounds "11"]
[EventCountry "SRI"]
[SourceTitle "CBM 213 Extra"]
[Source "ChessBase"]
[SourceDate "2023.05.31"]
[SourceVersion "1"]
[SourceVersionDate "2023.05.31"]
[SourceQuality "1"]

1. e4 c5 2. Nf3 g6 3. Bc4 Nc6 4. d3 Bg7 5. Nc3 a6 6. 0-0 e6 7. Be3 Nd4 8. Rb1 Ne7 9. h3 d5 10. exd5 exd5 11. Bb3 Nxb3 12. axb3 d4 13. Na4 dxe3 14. fxe3 Qc7 15. Ng5 0-0 16. Qf3 f5 17. Qe2 Bd7 18. e4 Rae8 19. Qe3 Bd4 20. Qxd4 cxd4 21. c4 Qg3 22. Nf3 fxe4 23. dxe4 Bxh3 24. Nh4 g5 25. Kh1 gxh4 26. gxh3 Qxh3+ 27. Kg1 Ng6 28. Rbd1 Rxf1+ 29. Rxf1 Rxe4 30. Nc5 Rg4+ 31. Kf2 Rg2+ 32. Ke1 Qe3+ 33. Kd1 Qd2# 0-1